[Event "US op 123nd"]
[Site "Grand Rapids"]
[Date "2023.08.01"]
[Round "4"]
[White "Zhang, Roger"]
[Black "Zhang, Michelle"]
[Result "1-0"]
[WhiteElo "2177"]
[BlackElo "1317"]
[PlyCount "91"]
[EventDate "2023.07.29"]
[EventType "swiss"]
[EventRounds "9"]
[EventCountry "USA"]
[SourceTitle "CBM 215 Extra"]
[Source "ChessBase"]
[SourceDate "2023.09.30"]
[SourceVersion "1"]
[SourceVersionDate "2023.09.30"]
[SourceQuality "1"]

1. e4 c6 2. d4 d5 3. Nc3 dxe4 4. Nxe4 Nf6 5. Nxf6+ exf6 6. Bc4 Bd6 7. Qe2+ Qe7 8. Qxe7+ Bxe7 9. Ne2 Bf5 10. c3 0-0 11. Ng3 Bg6 12. f4 Bd6 13. 0-0 h6 14. f5 Bh7 15. Ne4 Bc7 16. Bf4 Bxf4 17. Rxf4 Nd7 18. Re1 Nb6 19. Bb3 Nd5 20. Bxd5 cxd5 21. Nd6 b6 22. Re7 Rad8 23. Nb7 Rde8 24. Rxe8 Rxe8 25. Kf2 a6 26. c4 dxc4 27. Nd6 Rd8 28. Nxc4 b5 29. Ne3 Kf8 30. d5 Rd6 31. Ke2 Ke7 32. Kd3 g5 33. Rf2 h5 34. Kd4 Kd7 35. Nf1 Kc7 36. Ng3 h4 37. Ne4 Rb6 38. d6+ Rxd6+ 39. Nxd6 Kxd6 40. Ke4 Ke7 41. g4 Kd6 42. h3 Ke7 43. Kd5 Kd7 44. Rc2 Bg8 45. Rc6 a5 46. Rc5 1-0

[Event "Mramorak Autumn Schev 2"]
[Site "Mramorak"]
[Date "2022.12.13"]
[Round "6.2"]
[White "Zhang, Michelle"]
[Black "Ratkovic, Miodrag"]
[Result "1/2-1/2"]
[WhiteElo "1694"]
[BlackElo "1836"]
[PlyCount "97"]
[EventDate "2022.12.11"]
[EventType "schev"]
[EventRounds "10"]
[EventCountry "SRB"]
[SourceTitle "CBM 211 Extra"]
[Source "ChessBase"]
[SourceDate "2023.01.31"]
[SourceVersion "1"]
[SourceVersionDate "2023.01.31"]
[SourceQuality "1"]
[WhiteTeam "Team B"]
[BlackTeam "Team A"]
[WhiteTeamCountry "SRB"]
[BlackTeamCountry "SRB"]

1. e4 c6 2. d4 d6 3. Nf3 Bg4 4. Nc3 Nd7 5. Bc4 e6 6. Qe2 Be7 7. Bf4 Nb6 8. Bb3 Nf6 9. Rd1 d5 10. exd5 Nbxd5 11. Be5 0-0 12. h3 Bxf3 13. Qxf3 Nxc3 14. Qxc3 Nd5 15. Qd3 Bd6 16. 0-0 Bxe5 17. dxe5 Qg5 18. Qe4 Rad8 19. c3 Ne7 20. Bc2 g6 21. Kh2 Nf5 22. g4 Ne7 23. f4 Qh4 24. Qe1 Qxe1 25. Rfxe1 Rfe8 26. c4 Kf8 27. Be4 Nc8 28. Kg3 Ke7 29. c5 Rxd1 30. Rxd1 Rd8 31. Rxd8 Kxd8 32. f5 exf5 33. gxf5 Ne7 34. e6 fxe6 35. fxe6 Nd5 36. Bxd5 cxd5 37. Kf4 Ke7 38. Ke5 d4 39. Kxd4 Kxe6 40. Ke4 g5 41. b4 h5 42. a3 g4 43. hxg4 hxg4 44. Kf4 Kd5 45. Kxg4 Kc4 46. Kf5 a5 47. Ke6 axb4 48. axb4 Kxb4 49. Kd6 1/2-1/2

[Event "Vancouver op"]
[Site "Chess.com INT"]
[Date "2020.07.26"]
[Round "?"]
[White "Lee, Brian"]
[Black "Zhang, Michelle"]
[Result "1-0"]
[WhiteElo "1881"]
[BlackElo "1267"]
[PlyCount "63"]
[EventDate "2020.07.25"]
[EventType "swiss"]
[EventRounds "5"]
[EventCountry "USA"]
[SourceTitle "EXT 2023"]
[Source "ChessBase"]
[SourceDate "2022.10.05"]
[SourceVersion "1"]
[SourceVersionDate "2022.10.05"]
[SourceQuality "1"]

1. d4 d5 2. c4 e6 3. cxd5 exd5 4. Nc3 Nf6 5. Bg5 c6 6. e3 Nbd7 7. Bd3 Be7 8. Qc2 0-0 9. Nge2 b6 10. 0-0-0 Bb7 11. f3 a5 12. h4 b5 13. Kb1 b4 14. Na4 Ba6 15. Rc1 Bxd3 16. Qxd3 Qc7 17. Rc2 b3 18. axb3 Rab8 19. Rhc1 Rb4 20. Rxc6 Qb7 21. Rc7 Qb8 22. Bxf6 Nxf6 23. Rxe7 Rxb3 24. Rc3 Rb4 25. Qc2 Qb5 26. Nc5 Rb8 27. Rb7 Rxb7 28. Nxb7 h6 29. Rc8+ Ne8 30. Nd6 Qd7 31. Nxe8 Qxc8 32. Qxc8 1-0

[Event "Vancouver op"]
[Site "Chess.com INT"]
[Date "2020.07.26"]
[Round "?"]
[White "Zhang, Michelle"]
[Black "Yang, Maxwell"]
[Result "0-1"]
[WhiteElo "1267"]
[BlackElo "1682"]
[PlyCount "78"]
[EventDate "2020.07.25"]
[EventType "swiss"]
[EventRounds "5"]
[EventCountry "USA"]
[SourceTitle "EXT 2023"]
[Source "ChessBase"]
[SourceDate "2022.10.05"]
[SourceVersion "1"]
[SourceVersionDate "2022.10.05"]
[SourceQuality "1"]

1. e4 c5 2. Nf3 d6 3. d4 cxd4 4. Nxd4 Nf6 5. Nc3 a6 6. Bc4 e6 7. Bb3 b5 8. 0-0 Be7 9. Kh1 0-0 10. f4 b4 11. Nce2 Nxe4 12. f5 Nc5 13. fxe6 fxe6 14. Be3 Nxb3 15. axb3 e5 16. Nf3 Bb7 17. Ng3 Nd7 18. Qd2 Qc7 19. Qxb4 Bxf3 20. gxf3 Qxc2 21. Rf2 Qc6 22. Raf1 Rab8 23. Qa3 Qb7 24. Bc1 Nc5 25. b4 Qxb4 26. Qe3 Qb3 27. Qe2 Nd3 28. Rg2 Nxc1 29. Rxc1 Qxf3 30. Qxa6 Rxb2 31. Qc4+ d5 32. Qf1 Qxf1+ 33. Rxf1 Rxf1+ 34. Nxf1 Rxg2 35. Kxg2 Kf7 36. Kf3 Ke6 37. Ke3 Bg5+ 38. Kd3 Bf4 39. h3 Kf5 0-1

[Event "Emerald City op"]
[Site "Chess.com INT"]
[Date "2020.06.20"]
[Round "?"]
[White "Moore, Michael"]
[Black "Zhang, Michelle"]
[Result "1-0"]
[WhiteElo "1950"]
[BlackElo "1267"]
[PlyCount "55"]
[EventDate "2020.06.20"]
[EventType "swiss"]
[EventRounds "5"]
[EventCountry "USA"]
[SourceTitle "EXT 2023"]
[Source "ChessBase"]
[SourceDate "2022.10.05"]
[SourceVersion "1"]
[SourceVersionDate "2022.10.05"]
[SourceQuality "1"]

1. Nf3 d5 2. c4 dxc4 3. e3 Nf6 4. Bxc4 Nc6 5. Nc3 Bf5 6. d4 e6 7. 0-0 Bd6 8. Qe2 Bg4 9. h3 Bh5 10. Rd1 e5 11. dxe5 Nxe5 12. g4 Nfxg4 13. Nxe5 Nxe5 14. Qxh5 Nxc4 15. Qb5+ c6 16. Qxc4 Qc7 17. Qg4 0-0 18. e4 Kh8 19. Be3 Rae8 20. Rac1 Re6 21. Kh1 a6 22. Rd3 Rg6 23. Qf5 Re8 24. Rcd1 Re5 25. Qxe5 Re6 26. Rxd6 h6 27. Rd8+ Kh7 28. Qxc7 1-0